00265nam a2200121Ia 45000030006000000080041000060400015000471000017000622450026000792600009001055460012001140050017001260STCL150530s9999 xx 000 0 und d aSTCLcSTCL aPorter, A.W. aMethods of dimensions c1933 aEnglish20220125170138.0